Normal view
MARC view
Entry Personal Name
001 - CONTROL NUMBER
- control field: 12090
003 - CONTROL NUMBER IDENTIFIER
- control field: OSt
005 - DATE AND TIME OF LATEST TRANSACTION
- control field: 20170410141627.0
008 - FIXED-LENGTH DATA ELEMENTS
- fixed length control field: 170410|| aca||aabn | a|a d
040 ## - CATALOGING SOURCE
- Original cataloging agency: OSt
- Transcribing agency: OSt
100 ## - HEADING--PERSONAL NAME
- Personal name: Bishop,Michael L.; Fody,Edward P.;Schoeff,Larry E.
670 ## - SOURCE DATA FOUND
- Source citation: Work cat.: (OSt): Bishop,Michael L.; Fody,Edward P.;Schoeff,Larry E., Clinical Chemistry: techniques,principles,correlations
